POWER OF HABIT WHY WE DO WHAT WE DO AND (Record no. 29346)

MARC details
000 -LEADER
fixed length control field 00341nam a2200133Ia 4500
008 - FIXED-LENGTH DATA ELEMENTS--GENERAL INFORMATION
fixed length control field 240624s9999 xx 000 0 und d
041 ## - LANGUAGE CODE
Language code of text/sound track or separate title eng
082 ## - DEWEY DECIMAL CLASSIFICATION NUMBER
Classification number 158.1 DUH
100 ## - MAIN ENTRY--PERSONAL NAME
Personal name DUHIGG CHARLES
245 ## - TITLE STATEMENT
Title POWER OF HABIT WHY WE DO WHAT WE DO AND
260 ## - PUBLICATION, DISTRIBUTION, ETC.
Date of publication, distribution, etc. 2012
Place of publication, distribution, etc. New York
Name of publisher, distributor, etc. Random House
300 ## - PHYSICAL DESCRIPTION
Extent xx, 371 p.; 24 cm.
365 ## - TRADE PRICE
Currency code RS
Holdings
Withdrawn status Lost status Damaged status Not for loan Home library Current library Shelving location Date acquired Cost, normal purchase price Total Checkouts Total Renewals Full call number Barcode Date due Date last seen Date last checked out Price effective from Koha item type
        IMTN IMTN Rack 1-B 10/09/2017 320.00 4 2 158.1 DUH 29346 01/25/2026 01/15/2026 01/15/2026 06/24/2024 Books
Designed & Maintained by: LRC IMT Nagpur Contact: lrc@imtnag.ac.in© 2024. All Rights Reserved.